All Flags of North and South America and Oceania - Statistics

General Stats
  • This quiz has been taken 237 times
  • The average score is 41 of 48
Answer Stats
Picture Answer % Correct
Argentina
97%
Australia
97%
Canada
95%
Chile
94%
Colombia
94%
Jamaica
93%
New Zealand
93%
Mexico
92%
Cuba
91%
Ecuador
91%
Antigua And Barbuda
90%
Dominica
90%
Guyana
90%
United States of America
90%
Bahamas
89%
Honduras
89%
Panama
89%
Barbados
88%
Dominican Republic
88%
El Salvador
88%
Fiji
88%
Guatemala
88%
Haiti
86%
Nicaragua
86%
Belize
85%
Costa Rica
85%
Federated States of Micronesia
85%
Grenada
85%
Kiribati
85%
Venezuela
85%
Bolivia
83%
Palau
83%
Paraguay
83%
Marshall Islands
82%
Nauru
82%
St Vincent and the Grenadines
81%
Suriname
81%
Tonga
81%
Trinidad and Tobago
80%
Peru
78%
Samoa
78%
St Kitts and Nevis
77%
Solomon Islands
75%
Vanuatu
75%
Tuvalu
73%
St Lucia
70%
Uruguay
56%
Papua New Guinea
54%
No matching quizzes found
Score Distribution
Percent of People with Each Score
Percentile by Number Answered
Your Score History
You have not taken this quiz